[Event "Edmonton Halloween op"]
[Site "Edmonton"]
[Date "2007.10.04"]
[Round "1"]
[White "Reuter, Gerhard"]
[Black "Nygren, Leif"]
[Result "0-1"]
[WhiteElo "1695"]
[BlackElo "1675"]
[PlyCount "28"]
[EventDate "2007.10.04"]
[EventType "swiss"]
[EventRounds "4"]
[EventCountry "CAN"]
[SourceTitle "EXT 2022"]
[Source "ChessBase"]
[SourceDate "2021.10.06"]
[SourceVersion "1"]
[SourceVersionDate "2021.10.06"]
[SourceQuality "1"]

1. f4 d5 2. Nf3 Nc6 3. g3 Nf6 4. Bg2 b6 5. 0-0 Bb7 6. d4 Qd7 7. b3 e6 8. Ba3 0-0-0 9. c4 dxc4 10. bxc4 Nxd4 11. Ne5 Nf3+ 12. Bxf3 Qxd1 13. Rxd1 Rxd1+ 14. Kf2 Bxa3 0-1